| Registos Bibliográficos associados ao registo de autoridade |
|
Etiqueta de registo: 00254nam 2200025 450 001 2283166 003 http://id.bnportugal.gov.pt/bib/catbnp/2283166 100 ## $a20260327d2025 k y0pory01030103ba 101 0# $aeng$dpor 102 ## $aPT 105 ## $aa m 000yy 106 ## $ar 200 1# $aRegulation of centriole biogenesis$fCatarina Sofia de Araújo Peneda$gorient. Mónica Bettencourt-Dias, Hélder Maiato 210 #9 $aPorto$c[s.n.],$d2025 215 ## $aXIV, [4], 248 p.$cil.$d30 cm 328 #1 $aTese dout. Biologia Básica e Aplicada, Instituto de Ciências Biomédicas Abel Salazar,
Faculdade de Ciências e Faculdade de Medica, Universidade do Porto, 2025 700 #1 $aPeneda,$bCatarina Sofia de Araújo$31994070 702 #1 $aDias,$bMónica Bettencourt$4727$31474203 702 #1 $aMaiato,$bHelder$4727$31157566 801 #0 $aPT$bBN$gRPC 966 ## $lBN$mFGMON$x1 971 ## $cssilva$d20260327
|
|
|